000 00295 a2200145 4500
001 168487
020 _a
040 _cMagnum
100 _aLuquini, Joselma
240 1 0 _aBelo, meu amor
_lpor
245 1 0 _aBelo, meu amor
362 0 _a1899
697 _aIJ/AVENTURA, CRIANCAS
942 _cBK
999 _c168487
_d168487